| 000 | 00745nam a22002537a 4500 | ||
|---|---|---|---|
| 005 | 20170123162344.0 | ||
| 010 | _aA-419348 | ||
| 020 | _c45.00 | ||
| 035 | _aA-419348 | ||
| 037 | _bCen Lib/Ret | ||
| 040 |
_aDPL _bUR |
||
| 082 |
_a847 _bی و س |
||
| 100 |
_aیوسف نظم _9661 |
||
| 245 |
_aزیر غور / _cیوسف نظم |
||
| 246 |
_aZair-e-ghor / _bby Yusuf Nazim |
||
| 260 |
_aکراچی _bمکتبہ ہم زبان _c1989 |
||
| 270 |
_bکراچی _aپوسٹ باکس |
||
| 300 |
_a160p. _c20cm(Hb) |
||
| 650 |
_aادب -- اردو _9129838 |
||
| 650 |
_a اردو مضامین _9129839 |
||
| 650 |
_aLiterature -- Urdu _9129840 |
||
| 650 |
_aUrdu essays _9528 |
||
| 942 |
_2ddc _cUR _h847 _mی و س |
||
| 999 |
_c108750 _d108750 |
||